عرض عادي
عرض مارك
- السلطة الإدارية
مدخل مصطلح موضوعي
001 - رقم الضبط
- حقل الضبط: 57811
003 - معرف رقم الضبط
- حقل الضبط: OSt
005 - تاريخ ووقت أخر عملية
- حقل الضبط: 20170702124735.0
008 - عناصر بيانات ثابتة الطول
- حقل تحكم ثابت الطول: 170702|| aca||aabn | a|a d
040 ## - مصدر الفهرسة
- هيئة الفهرسة الأصلية: OSt
- وكالة الكتابة: OSt
150 ## - مدخل-- مصطلح تاريخي
- عنصر مدخل المصطلح الموضوعي او الاسم الجغرافي: السلطة الإدارية
- تفريع عام: قوانين وتشريعات
- تفريع جغرافي: العراق
670 ## - بيانات المصدر موجوده
- الاستشهاد بالمصدر: Work cat.: (OSt): 16547 علي، هيوا رشيد, دور السلطة الإدارية في حماية البيئة من مضار المشروعات النفطية /, 2017.
